000 00442nam a2200169Ia 4500
008 240729s9999 xx 000 0 und d
022 _a2567-9449
245 0 _aJournal of Laboratory Medicine
260 _aGermany
260 _bDe Gruyter
650 _a Medical technology
650 _a Medicine (General)
650 _aMedicine
856 _uhttps://doaj.org/toc/50357fe69e954ca4a8dcd61c1c43c296
942 _2ddc
942 _cDOAJEJ
999 _c70341
_d70341
945 _a1
_bMadushi Gamage
_c1
_dMadushi Gamage